000 00564nam a2200241 a 4500
001 nice12345678
003 IN_TiNIC
005 20260116012829.0
008 050524s1985 dela grp 000 0 urd
020 _a
_c25
082 0 0 _a891.41
_bRAA
100 _aRaaz, Layalpuri
245 _aRaaz-O-Niaz
260 _aDelhi
_bPayam-E-mashriq Book Depot
_c1985
300 _a160p
500 _aincludes index and biblioraphy
505 2 _aIndexes
650 _aUrdu-Poetry
700 1 _aRaaz, Layalpuri
902 _bSRS
942 _cBK
999 _c8559
_d8559